000 00590nam a2200193Ia 4500
003 GCL
008 140319s9999 xx 000 0 ara d
040 _aGCL /
_cGCL
082 0 4 _a891.7
_bك ا
100 1 _aاستروفيسكى، نيقولاى
245 1 0 _aكيف سقينا الفولاذ (هدية من الاديب عبد الفتاح الجمل) /
_cاستروفيسكى، نيقولاى
300 _a407 ص
490 _a
650 0 4 _aالادب
650 0 4 _aالادب الروسى
650 0 4 _aالقصة
650 0 4 _aالقصائد الدينية
942 _2ddc
_cBK
999 _c40789
_d40789